[Event "ODJM C 2019"]
[Site "Willingen GER"]
[Date "2019.06.14"]
[Round "8"]
[White "Fischer, John"]
[Black "Racky, Selina"]
[Result "1-0"]
[Termination "normal"]
[Board "7"]
[WhiteElo "1374"]
[BlackElo "1037"]
[PlyCount "117"]
[WhiteFideId "16268679"]
[BlackFideId "16239440"]
[EventCountry "GER"]
[EventRounds "9"]
[EventType "swiss"]
[EventDate "2019.06.08"]

1. d4 d5 2. Nc3 c6 3. Bf4 Bf5 4. e3 e6 5. f3 h6 6. g4 Bh7 7. Bd3 Nf6 8. Bxh7
Nxh7 9. Qd3 Nd7 10. O-O-O Ndf6 11. h4 Bd6 12. Bxd6 Qxd6 13. g5 Nd7 14. e4 Qf4+
15. Kb1 hxg5 16. Nge2 Qf6 17. e5 Qf5 18. Qxf5 exf5 19. hxg5 O-O-O 20. f4 Rdg8
21. Ng3 g6 22. Rc1 Nhf8 23. Nce2 Ne6 24. c4 Nb6 25. b3 Nc7 26. c5 Nd7 27. b4
Nb5 28. Kb2 Nf8 29. a4 Nc7 30. Ka3 a6 31. Rb1 Nfe6 32. Rh6 Kd7 33. Rbh1 Rxh6
34. Rxh6 Ke7 35. Nf1 Kf8 36. Nd2 Kg7 37. Nb3 Rh8 38. Rxh8 Kxh8 39. Na5 Nd8 40.
Nc3 Nde6 41. Ne2 Nd8 42. Kb3 Nde6 43. Nxb7 Kg8 44. Nd6 Kf8 45. Kc3 Ke7 46. Kd3
Kd7 47. Ke3 Nd8 48. Nc3 Ne8 49. Nxe8 Kxe8 50. b5 cxb5 51. axb5 a5 52. c6 Ne6
53. b6 Kd8 54. Nb5 Kc8 55. c7 Kb7 56. Nd6+ Kxb6 57. c8=Q a4 58. Qb7+ Ka5 59.
Qb5# 1-0

[Event "ODJM C 2019"]
[Site "Willingen GER"]
[Date "2019.06.14"]
[Round "8"]
[White "Reger, Christoph"]
[Black "Welker, Alexandra"]
[Result "0-1"]
[Termination "normal"]
[Board "8"]
[WhiteElo "1169"]
[BlackElo "1342"]
[PlyCount "52"]
[WhiteFideId "16287606"]
[BlackFideId "16265360"]
[EventCountry "GER"]
[EventRounds "9"]
[EventType "swiss"]
[EventDate "2019.06.08"]

1. e4 c6 2. d4 d5 3. exd5 cxd5 4. Nc3 Bf5 5. Bb5+ Nc6 6. Bf4 Nf6 7. Nf3 a6 8.
Bxc6+ bxc6 9. O-O e6 10. a3 Nh5 11. Qd2 Nxf4 12. Qxf4 Bd6 13. Qh4 Qxh4 14. Nxh4
Bxc2 15. Rac1 Bb3 16. Nd1 Rc8 17. Re1 Bxd1 18. Rexd1 Kd7 19. Nf3 f6 20. Re1 c5
21. g3 cxd4 22. Rxc8 Rxc8 23. Nxd4 Be5 24. Rd1 Rc4 25. Nb3 Bxb2 26. Na5 Rc1 0-1

[Event "ODJM C 2019"]
[Site "Willingen GER"]
[Date "2019.06.14"]
[Round "8"]
[White "Burdett, Sabah"]
[Black "Arnold, Rubina"]
[Result "0-1"]
[Termination "normal"]
[Board "9"]
[WhiteElo "1033"]
[BlackElo "1329"]
[PlyCount "102"]
[WhiteFideId "16267702"]
[BlackFideId "16276272"]
[EventCountry "GER"]
[EventRounds "9"]
[EventType "swiss"]
[EventDate "2019.06.08"]

1. d4 Nf6 2. Bf4 e6 3. e3 c5 4. c3 Nc6 5. Nd2 d5 6. Bd3 Bd6 7. Bg3 O-O 8. Ngf3
Re8 9. Ne5 Qc7 10. f4 Qb6 11. Rb1 Bxe5 12. fxe5 Nd7 13. O-O f6 14. Qf3 Rf8 15.
Qh5 f5 16. Nf3 Ndb8 17. Nh4 Ne7 18. Bf4 Nbc6 19. Rf3 Bd7 20. Rg3 Be8 21. Qg5
Ng6 22. Nxg6 Bxg6 23. Rh3 Qd8 24. Qg3 c4 25. Be2 Qe8 26. b3 b5 27. Rh4 a5 28.
bxc4 bxc4 29. Qh3 Qe7 30. Bh5 Bxh5 31. Rxh5 g6 32. Qg3 Rab8 33. Rxb8 Rxb8 34.
Bg5 Qf7 35. Bf6 Rb1+ 36. Kf2 Rb2+ 37. Kf3 Rxa2 38. Rh3 a4 39. Qe1 a3 40. Qb1
Rb2 41. Qc1 Na5 42. g4 fxg4+ 43. Kxg4 Nb3 44. Qd1 a2 45. Rf3 a1=R 46. Qxa1 Nxa1
47. Bg5 Rg2+ 48. Rg3 Qf5+ 49. Kh4 Rxg3 50. hxg3 h5 51. Bf4 Qg4# 0-1

[Event "ODJM C 2019"]
[Site "Willingen GER"]
[Date "2019.06.14"]
[Round "8"]
[White "Wechtenbruch, Jamie"]
[Black "Zinnikus, Elias"]
[Result "1/2-1/2"]
[Termination "normal"]
[Board "10"]
[WhiteElo "1371"]
[BlackElo "1176"]
[PlyCount "41"]
[WhiteFideId "16267737"]
[BlackFideId "16245024"]
[EventCountry "GER"]
[EventRounds "9"]
[EventType "swiss"]
[EventDate "2019.06.08"]

1. e4 d6 2. d4 Nf6 3. Nc3 g6 4. Nf3 Bg7 5. Bd3 O-O 6. Be3 c6 7. Qd2 Qc7 8. h3
Nbd7 9. g4 e5 10. dxe5 dxe5 11. Rg1 Nb6 12. Bg5 Qd6 13. Bxf6 Qxf6 14. Qe2 Be6
15. Rg3 Rac8 16. b3 Nd7 17. h4 Qf4 18. Ng1 Qf6 19. Nf3 Qf4 20. Ng1 Qf6 21. Nf3
1/2-1/2

[Event "ODJM C 2019"]
[Site "Willingen GER"]
[Date "2019.06.14"]
[Round "8"]
[White "Hapke, Marvin"]
[Black "Jagodzinsky, Lukas"]
[Result "1-0"]
[Termination "normal"]
[Board "11"]
[WhiteElo "1187"]
[BlackElo "1026"]
[PlyCount "45"]
[WhiteFideId "12996580"]
[BlackFideId "16233255"]
[EventCountry "GER"]
[EventRounds "9"]
[EventType "swiss"]
[EventDate "2019.06.08"]

1. e4 e5 2. d4 Nc6 3. d5 Nb8 4. Nf3 d6 5. Nc3 Nf6 6. Be3 Bg4 7. Be2 Nbd7 8. h3
Bh5 9. g4 Bg6 10. Qd3 Be7 11. O-O-O O-O 12. Rdg1 h6 13. h4 h5 14. gxh5 Nxh5 15.
Bg5 Bxg5+ 16. Rxg5 Nf4 17. Qe3 Bh5 18. Rhg1 g6 19. Rxh5 Nxh5 20. Qh6 Ndf6 21.
Ng5 Ng7 22. h5 gxh5 23. Ne6 1-0

[Event "ODJM C 2019"]
[Site "Willingen GER"]
[Date "2019.06.14"]
[Round "8"]
[White "Vöcking, Laura"]
[Black "Reyher, Bastian"]
[Result "1-0"]
[Termination "normal"]
[Board "12"]
[WhiteElo "1172"]
[BlackElo "1137"]
[PlyCount "109"]
[WhiteFideId "16287630"]
[BlackFideId "12927465"]
[EventCountry "GER"]
[EventRounds "9"]
[EventType "swiss"]
[EventDate "2019.06.08"]

1. e4 e5 2. Nf3 Nc6 3. d4 exd4 4. Nxd4 Qh4 5. Nc3 Bb4 6. Nxc6 Qxe4+ 7. Qe2
Qxe2+ 8. Bxe2 Bxc3+ 9. bxc3 dxc6 10. O-O Nf6 11. Re1 O-O 12. Bf4 Nd5 13. Be5
Re8 14. Bc4 Re7 15. Bxd5 cxd5 16. Bxc7 Be6 17. Bf4 Rae8 18. h3 Bf5 19. Rxe7
Rxe7 20. Rd1 Rd7 21. Rd2 h6 22. Be3 a6 23. g4 Be6 24. Kg2 b5 25. a3 Rc7 26. Rd3
Rc4 27. Kg3 f6 28. Bd4 Ra4 29. Bc5 g5 30. Rf3 Rf4 31. Rxf4 gxf4+ 32. Kxf4 Kf7
33. h4 Kg6 34. Be7 Kf7 35. Bd8 Kg6 36. g5 fxg5+ 37. hxg5 h5 38. Kg3 Kf5 39. f4
Bf7 40. Bc7 Bg6 41. Kh3 Ke4 42. Kg3 Bf5 43. Kh4 Bg6 44. Be5 a5 45. Bc7 a4 46.
Bd6 Ke3 47. f5 Bxf5 48. Kxh5 Bxc2 49. Kh6 Be4 50. g6 Bxg6 51. Kxg6 Kd3 52. Bb4
Kc4 53. Kf5 d4 54. cxd4 Kxd4 55. Ke6 1-0

[Event "ODJM C 2019"]
[Site "Willingen GER"]
[Date "2019.06.14"]
[Round "8"]
[White "Burger, Daiana"]
[Black "Tenbosch, Till Theo"]
[Result "1/2-1/2"]
[Termination "normal"]
[Board "13"]
[WhiteElo "1366"]
[BlackElo "1085"]
[PlyCount "111"]
[WhiteFideId "16217233"]
[BlackFideId "16255461"]
[EventCountry "GER"]
[EventRounds "9"]
[EventType "swiss"]
[EventDate "2019.06.08"]

1. e4 c6 2. Nc3 d5 3. exd5 cxd5 4. d4 Bf5 5. Bb5+ Nc6 6. Bf4 e6 7. a3 a6 8. Ba4
Nf6 9. Nge2 Be7 10. Ng3 Bg6 11. h4 h5 12. f3 Nd7 13. Nge2 Bxh4+ 14. g3 Be7 15.
Qd2 Qb6 16. Bb3 Bf6 17. Na4 Qa7 18. g4 Nxd4 19. Nxd4 Qxd4 20. Qxd4 Bxd4 21.
O-O-O Ba7 22. gxh5 Rxh5 23. Rxh5 Bxh5 24. Rh1 g6 25. Rh3 Ke7 26. Bd2 Rc8 27. f4
d4 28. Kb1 b5 29. Bb4+ Kf6 30. c3 bxa4 31. Bxa4 Nb6 32. Bb3 Rd8 33. cxd4 Rxd4
34. Bc3 Nd7 35. Bxd4+ Bxd4 36. Rd3 e5 37. fxe5+ Kxe5 38. Bxf7 Ke4 39. Rh3 Bf6
40. b4 Ne5 41. Be8 Be7 42. Ka2 Bg4 43. Rc3 Be6+ 44. Kb1 Bf5 45. Kb2 Bd6 46.
Bc6+ Kd4 47. b5 Nc4+ 48. Kb3 Nd2+ 49. Kb2 Bxa3+ 50. Rxa3 Nc4+ 51. Kb3 Nxa3 52.
bxa6 Nc4 53. Kb4 Bd3 54. a7 Nb6 55. Bb5 Be4 56. Ba6 1/2-1/2

[Event "ODJM C 2019"]
[Site "Willingen GER"]
[Date "2019.06.14"]
[Round "8"]
[White "Keuper, David"]
[Black "Engels, Marlene"]
[Result "0-1"]
[Termination "normal"]
[Board "14"]
[WhiteElo "1075"]
[BlackElo "1263"]
[PlyCount "82"]
[WhiteFideId "16287568"]
[BlackFideId "16222962"]
[EventCountry "GER"]
[EventRounds "9"]
[EventType "swiss"]
[EventDate "2019.06.08"]

1. e4 d6 2. d4 Nd7 3. Nc3 Ngf6 4. f4 e5 5. Nf3 exd4 6. Nxd4 c5 7. Nf3 Qc7 8.
Bd3 a6 9. Nd5 Nxd5 10. exd5 Nf6 11. c4 Bd7 12. O-O Be7 13. f5 h6 14. Nd2 O-O-O
15. Nb3 Rdg8 16. Bd2 b6 17. a4 g6 18. fxg6 fxg6 19. Bc3 Rf8 20. Bxg6 Rhg8 21.
Bc2 Bh3 22. Bf5+ Bxf5 23. Rxf5 Qd7 24. Qf1 Ne4 25. Rxf8+ Rxf8 26. Qe1 Nxc3 27.
Qxc3 Rg8 28. a5 Qg4 29. g3 Bd8 30. axb6 Bxb6 31. Qd3 h5 32. Rxa6 Bc7 33. Rc6 h4
34. Kf2 Rf8+ 35. Ke1 Rf3 36. Qh7 Re3+ 37. Kd2 Qe2+ 38. Kc1 Qe1+ 39. Kc2 Re2+
40. Kd3 Qd1+ 41. Kc3 Re3+ 0-1

[Event "ODJM C 2019"]
[Site "Willingen GER"]
[Date "2019.06.14"]
[Round "8"]
[White "Vollmer, Jan"]
[Black "Hubert, Nikita"]
[Result "1-0"]
[Termination "normal"]
[Board "15"]
[WhiteElo "1269"]
[BlackElo "1181"]
[PlyCount "45"]
[WhiteFideId "16287649"]
[BlackFideId "16235754"]
[EventCountry "GER"]
[EventRounds "9"]
[EventType "swiss"]
[EventDate "2019.06.08"]

1. e4 e5 2. Nf3 Nc6 3. Bb5 Nf6 4. d3 d6 5. O-O Bg4 6. Re1 Be7 7. Nbd2 O-O 8.
Nf1 Nd4 9. Bc4 Nxf3+ 10. gxf3 Bh3 11. Ng3 Nd7 12. Be3 Nb6 13. Bb3 Bh4 14. Qd2
Qf6 15. Qe2 Nd7 16. Kh1 Qg6 17. Rg1 Be6 18. Nf5 Qf6 19. Nxg7 Kh8 20. Nh5 Qe7
21. Bh6 Rfe8 22. Bg7+ Kg8 23. Bf6+ 1-0

[Event "ODJM C 2019"]
[Site "Willingen GER"]
[Date "2019.06.14"]
[Round "8"]
[White "Borriss, Emma"]
[Black "Bangiev, Anton"]
[Result "1/2-1/2"]
[Termination "normal"]
[Board "16"]
[WhiteElo "1052"]
[BlackElo "1342"]
[PlyCount "167"]
[WhiteFideId "16287517"]
[BlackFideId "16267222"]
[EventCountry "GER"]
[EventRounds "9"]
[EventType "swiss"]
[EventDate "2019.06.08"]

1. e4 d6 2. d4 g6 3. Nc3 Bg7 4. Nf3 Nf6 5. Be2 O-O 6. O-O Bg4 7. h3 Bxf3 8.
Bxf3 Nc6 9. Be3 e5 10. d5 Ne7 11. Qd2 Qd7 12. Rfe1 c6 13. Rad1 Rfd8 14. a3 a6
15. Bb6 Rdc8 16. Be3 cxd5 17. Nxd5 Nexd5 18. exd5 Re8 19. Be2 Ne4 20. Qb4 f5
21. Bf3 Nf6 22. Bg5 Rac8 23. c4 Qc7 24. b3 Re7 25. g4 f4 26. Be4 Qc5 27. Qxc5
Rxc5 28. f3 Re8 29. Bd3 Rc7 30. Bh4 Kf7 31. Bf2 Nd7 32. b4 Ra8 33. Rc1 Bf8 34.
Re2 a5 35. Rb2 axb4 36. axb4 b5 37. Re2 bxc4 38. Bxc4 Rac8 39. Bd3 Bg7 40. Rxc7
Rxc7 41. Rc2 Rb7 42. b5 Nf6 43. Rc6 Ke7 44. b6 Nxd5 45. Ba6 Rb8 46. b7 Nb4 47.
Rc7+ Kf6 48. Ba7 Nxa6 49. Bxb8 Nxb8 50. Rc8 Na6 51. Rc6 Nb8 52. Rxd6+ Ke7 53.
Rd2 Ke8 54. Kf2 Ke7 55. Ke1 e4 56. Ke2 exf3+ 57. Kxf3 Ke8 58. Kxf4 Bf6 59. Rc2
Kd7 60. Ke4 Ke6 61. Rc4 Be7 62. Kd3 Kf6 63. Kc2 Bd6 64. Kb3 Kg5 65. Ka4 Kh4 66.
Kb5 Kxh3 67. Kb6 Bg3 68. Ka7 Nd7 69. Rc8 Kxg4 70. Rc4+ Kh5 71. Rc1 g5 72. Rh1+
Kg6 73. Ka6 h5 74. Kb5 h4 75. Kc4 g4 76. Kd3 Nc5+ 77. Ke2 Nxb7 78. Kf1 Nc5 79.
Kg2 Ne4 80. Kf1 h3 81. Kg1 Nf2 82. Rh2 Bxh2+ 83. Kxh2 g3+ 84. Kxg3 1/2-1/2

[Event "ODJM C 2019"]
[Site "Willingen GER"]
[Date "2019.06.14"]
[Round "8"]
[White "Fröhlich, Niklas"]
[Black "Gerdes, Jesko"]
[Result "0-1"]
[Termination "normal"]
[Board "17"]
[WhiteElo "1261"]
[BlackElo "1106"]
[PlyCount "166"]
[WhiteFideId "16245016"]
[BlackFideId "16273699"]
[EventCountry "GER"]
[EventRounds "9"]
[EventType "swiss"]
[EventDate "2019.06.08"]

1. e4 e5 2. Nf3 Nc6 3. Bc4 Bc5 4. c3 Nf6 5. d4 exd4 6. cxd4 Bb4+ 7. Nc3 Nxe4 8.
O-O Bxc3 9. d5 Na5 10. bxc3 Nxc4 11. Qd4 O-O 12. Qxe4 Nd6 13. Qg4 Qf6 14. Bf4
Nb5 15. Rfe1 d6 16. Qg3 Nxc3 17. Rac1 Nxd5 18. Bg5 Qg6 19. h3 h6 20. Rcd1 Be6
21. Bh4 Qxg3 22. Bxg3 Nc3 23. Rc1 Nxa2 24. Rxc7 b5 25. Rb7 Rfb8 26. Rc7 Rc8 27.
Bxd6 Rxc7 28. Bxc7 a6 29. Nd4 Bc4 30. Ba5 Rc8 31. Nf5 Kf8 32. Ra1 Be6 33. Nd4
Rc1+ 34. Rxc1 Nxc1 35. Nc6 Ke8 36. Nd4 Bc4 37. Nc2 Nb3 38. Bc3 g6 39. Nd4 Nxd4
40. Bxd4 Kd7 41. g3 Kd6 42. Kg2 Kd5 43. Bb2 Be2 44. f3 a5 45. Kf2 Bd3 46. Ke3
Kc4 47. Kd2 b4 48. h4 a4 49. Bc1 Bf5 50. g4 Be6 51. Kc2 h5 52. g5 Bf5+ 53. Kb2
a3+ 54. Ka1 Kb5 55. f4 Be6 56. f5 Bd5 57. f6 Ka4 58. Kb1 b3 59. Ka1 b2+ 60.
Bxb2 axb2+ 61. Kxb2 Kb4 62. Kc2 Kc4 63. Kd2 Kd4 64. Ke2 Ke4 65. Kf2 Kf4 66. Kg1
Kg3 67. Kf1 Kxh4 68. Kf2 Kxg5 69. Kg3 Kxf6 70. Kh4 Kg7 71. Kg3 Kh6 72. Kh3 g5
73. Kg3 f5 74. Kh3 h4 75. Kh2 Bf7 76. Kg2 g4 77. Kf2 h3 78. Kg3 Kg5 79. Kh2 Kh4
80. Kg1 g3 81. Kh1 h2 82. Kg2 Kg4 83. Kh1 Bd5# 0-1

[Event "ODJM C 2019"]
[Site "Willingen GER"]
[Date "2019.06.14"]
[Round "8"]
[White "Margaryan, Harut"]
[Black "Hornstein, Leonhard Orell"]
[Result "1-0"]
[Termination "normal"]
[Board "18"]
[WhiteElo "1089"]
[BlackElo "1346"]
[PlyCount "73"]
[WhiteFideId "16268202"]
[BlackFideId "16254643"]
[EventCountry "GER"]
[EventRounds "9"]
[EventType "swiss"]
[EventDate "2019.06.08"]

1. d4 d5 2. Bg5 Nc6 3. e3 Bf5 4. c4 f6 5. Bh4 e6 6. Nf3 g5 7. Bg3 h5 8. h4 g4
9. Nfd2 Nb4 10. Qa4+ c6 11. Na3 Nh6 12. c5 a5 13. Qb3 Nf7 14. Rc1 e5 15. dxe5
Nxe5 16. Bxe5 fxe5 17. Nab1 Qc7 18. a3 Na6 19. Bxa6 Rxa6 20. Qc3 Bg7 21. b4 O-O
22. Qb3 axb4 23. axb4 Rfa8 24. O-O Ra2 25. e4 Bg6 26. exd5 cxd5 27. Qxd5+ Bf7
28. Qd6 Qxd6 29. cxd6 Rd8 30. Ne4 Bg6 31. Nbc3 Rb2 32. b5 Bxe4 33. Nxe4 Rxb5
34. Rfd1 Rb4 35. d7 Rxd7 36. Rxd7 Rxe4 37. Rc8+ 1-0

[Event "ODJM C 2019"]
[Site "Willingen GER"]
[Date "2019.06.14"]
[Round "8"]
[White "Moldovan, Tudor"]
[Black "Buchholz, Jan Robert"]
[Result "0-1"]
[Termination "normal"]
[Board "19"]
[WhiteElo "1030"]
[BlackElo "1229"]
[PlyCount "142"]
[WhiteFideId "16288203"]
[BlackFideId "16286537"]
[EventCountry "GER"]
[EventRounds "9"]
[EventType "swiss"]
[EventDate "2019.06.08"]

1. e4 c5 2. d4 cxd4 3. c3 dxc3 4. Nxc3 g6 5. Nf3 Bg7 6. Bc4 Nc6 7. e5 Nxe5 8.
Nxe5 Bxe5 9. Bxf7+ Kxf7 10. Qd5+ e6 11. Qxe5 Qf6 12. Qxf6+ Kxf6 13. b3 Ke7 14.
Bb2 Nf6 15. O-O b6 16. Rfe1 Bb7 17. f3 Rhd8 18. Ne4 Nd5 19. Rad1 Rdc8 20. Ba3+
Kd8 21. Nd6 Rc7 22. Nf7+ Kc8 23. Bd6 Rc2 24. Rc1 Rxc1 25. Rxc1+ Bc6 26. Ne5 Kb7
27. Nxc6 dxc6 28. h4 Rd8 29. Be5 Nb4 30. a3 Nd3 31. Rd1 Rd5 32. Bg3 Nc5 33.
Rxd5 cxd5 34. b4 Na4 35. Kf2 Kc6 36. Ke3 Nc3 37. Kd3 Nb1 38. a4 Na3 39. Bf4 Nc4
40. Kc3 a6 41. g4 e5 42. Bg3 b5 43. a5 d4+ 44. Kd3 Kd5 45. Be1 Nd6 46. Bf2 Ne8
47. Bg1 Ng7 48. f4 e4+ 49. Kd2 Kc4 50. Kc2 e3 51. Kd1 Kxb4 52. Bxe3 dxe3 53.
Ke2 Kc3 54. Kxe3 b4 55. Ke4 b3 56. Kd5 b2 57. f5 gxf5 58. gxf5 Nxf5 59. Ke5
Nxh4 60. Kd5 b1=Q 61. Ke5 Nf5 62. Kd5 Kb4 63. Ke5 Kxa5 64. Kd5 h5 65. Ke5 h4
66. Kd5 h3 67. Ke5 h2 68. Ke6 h1=R 69. Ke5 Ne7 70. Kf6 Qf5+ 71. Kg7 Rh7# 0-1

[Event "ODJM C 2019"]
[Site "Willingen GER"]
[Date "2019.06.14"]
[Round "8"]
[White "Schwarz, David"]
[Black "Frank, Cillian"]
[Result "0-1"]
[Termination "normal"]
[Board "20"]
[WhiteElo "950"]
[BlackElo "1309"]
[PlyCount "56"]
[WhiteFideId "16287614"]
[BlackFideId "16245202"]
[EventCountry "GER"]
[EventRounds "9"]
[EventType "swiss"]
[EventDate "2019.06.08"]

1. e4 c5 2. c3 d6 3. Nf3 Bg4 4. h3 Bh5 5. d4 Nc6 6. Be3 Qb6 7. b3 Nf6 8. Bd3
Bxf3 9. gxf3 g6 10. Na3 cxd4 11. cxd4 Qb4+ 12. Bd2 Qxa3 13. Bc3 e5 14. dxe5
dxe5 15. Ke2 Bg7 16. Qd2 Qe7 17. Rad1 O-O 18. f4 Bh6 19. Qe1 Bxf4 20. Bb5 Qc7
21. Rb1 Nxe4 22. Kf1 Nxc3 23. Qxc3 Rac8 24. Qf3 a6 25. Bc4 b5 26. Bd5 Rfd8 27.
Rd1 Ne7 28. Bb7 Rxd1+ 0-1

[Event "ODJM C 2019"]
[Site "Willingen GER"]
[Date "2019.06.14"]
[Round "8"]
[White "Hapke, Lara"]
[Black "Bartelheimer, Erik"]
[Result "1-0"]
[Termination "normal"]
[Board "21"]
[WhiteElo "1358"]
[BlackElo "1053"]
[PlyCount "119"]
[WhiteFideId "12996572"]
[BlackFideId "16279352"]
[EventCountry "GER"]
[EventRounds "9"]
[EventType "swiss"]
[EventDate "2019.06.08"]

1. e4 e5 2. Nf3 Nc6 3. d4 exd4 4. Nxd4 Qh4 5. Nc3 Bb4 6. Be3 Nf6 7. a3 Ba5 8.
Nxc6 bxc6 9. b4 Bb6 10. Bxb6 cxb6 11. Bd3 O-O 12. O-O d6 13. Qf3 Bg4 14. Qf4
Rad8 15. f3 h6 16. fxg4 Qg5 17. Qxg5 hxg5 18. h3 Rde8 19. Rae1 d5 20. exd5 Rxe1
21. Rxe1 cxd5 22. Bb5 d4 23. Ne4 Nxe4 24. Rxe4 Rd8 25. Re7 a5 26. Re8+ Rxe8 27.
Bxe8 Kf8 28. Bb5 Ke7 29. bxa5 bxa5 30. Kf2 Kd6 31. Ke2 Kc5 32. a4 Kb4 33. Kd3
Kc5 34. c3 dxc3 35. Kxc3 f6 36. Kd3 Kd5 37. g3 Ke5 38. Kc4 Kd6 39. Kd4 Kc7 40.
Kd5 Kd8 41. Ke6 Kc8 42. Kf7 Kd8 43. Kxg7 Ke7 44. h4 Ke6 45. h5 f5 46. h6 f4 47.
gxf4 gxf4 48. h7 f3 49. h8=Q Ke5 50. Qe8+ Kf4 51. Qe6 Kg3 52. Qf5 f2 53. Kf6
Kh4 54. Qxf2+ Kh3 55. Qg1 Kh4 56. g5 Kh5 57. g6 Kh4 58. g7 Kh3 59. g8=R Kh4 60.
Qh1# 1-0

[Event "ODJM C 2019"]
[Site "Willingen GER"]
[Date "2019.06.14"]
[Round "8"]
[White "Grunert, Heinrich"]
[Black "Ott, Linda"]
[Result "1-0"]
[Termination "normal"]
[Board "22"]
[WhiteElo "1211"]
[BlackElo "1122"]
[PlyCount "83"]
[WhiteFideId "16213416"]
[BlackFideId "12992453"]
[EventCountry "GER"]
[EventRounds "9"]
[EventType "swiss"]
[EventDate "2019.06.08"]

1. e4 e5 2. Nf3 Nc6 3. Bc4 Bc5 4. c3 Nf6 5. d4 exd4 6. cxd4 Bb4+ 7. Bd2 Nxe4 8.
Bxb4 Nxb4 9. Bxf7+ Kxf7 10. Qb3+ d5 11. Ne5+ Ke8 12. Qxb4 Rf8 13. O-O c6 14. f3
Ng5 15. Re1 Qf6 16. Ng4+ Qe6 17. Rxe6+ Bxe6 18. Qxb7 Rd8 19. Qxc6+ Kf7 20. Nc3
Kg8 21. h4 Bxg4 22. hxg5 Bh5 23. Re1 Rc8 24. Qxd5+ Bf7 25. Qf5 Bg6 26. Qh3 Rce8
27. Rxe8 Rxe8 28. Qd7 Re1+ 29. Kf2 Be8 30. Qd8 Re6 31. d5 Re5 32. f4 Rf5 33.
Qxe8+ Rf8 34. Qe6+ Rf7 35. d6 Kf8 36. Kf3 a6 37. d7 Rxd7 38. Qxd7 g6 39. Nd5 a5
40. Nc7 a4 41. Ne6+ Kg8 42. Qg7# 1-0

[Event "ODJM C 2019"]
[Site "Willingen GER"]
[Date "2019.06.14"]
[Round "8"]
[White "Fahlbusch, Niclas"]
[Black "Scheerer, Amelie"]
[Result "1-0"]
[Termination "normal"]
[Board "24"]
[WhiteElo "1057"]
[BlackElo "1054"]
[PlyCount "93"]
[WhiteFideId "16271548"]
[BlackFideId "16275772"]
[EventCountry "GER"]
[EventRounds "9"]
[EventType "swiss"]
[EventDate "2019.06.08"]

1. d4 d5 2. Nc3 Nf6 3. Bf4 c5 4. e3 Nc6 5. Nb5 Kd7 6. Nf3 e6 7. Ne5+ Nxe5 8.
dxe5 a6 9. Nd6 Bxd6 10. exd6 Ke8 11. Be2 Ne4 12. c4 Qh4 13. g3 Qh3 14. Bf3 e5
15. Bxe5 Bg4 16. Bxg4 Qg2 17. Qf3 Qxf3 18. Bxf3 f6 19. Bxe4 dxe4 20. Bc3 Rd8
21. Rd1 Kf7 22. Ba5 Rd7 23. O-O Rc8 24. Bc7 Ke6 25. Rd5 b6 26. Rfd1 g6 27. Bxb6
Rc6 28. Bc7 f5 29. a3 h5 30. h4 Kf6 31. b4 cxb4 32. axb4 Rxc4 33. b5 axb5 34.
Rxb5 Rc3 35. Rbd5 Ra3 36. Kh2 Ra2 37. Kg2 Ra8 38. f3 Re8 39. f4 Ra8 40. Kf1 Ra2
41. R1d2 Ra1+ 42. Ke2 Rg1 43. Kf2 Ra1 44. Re5 Rb1 45. Ba5 Ra1 46. Bc3 Kf7 47.
Bxa1 1-0

[Event "ODJM C 2019"]
[Site "Willingen GER"]
[Date "2019.06.14"]
[Round "8"]
[White "Wartenberg, Alexander"]
[Black "Wilmink, Luca"]
[Result "1-0"]
[Termination "normal"]
[Board "25"]
[WhiteElo "1002"]
[BlackElo "1283"]
[PlyCount "121"]
[WhiteFideId "16280768"]
[BlackFideId "16245253"]
[EventCountry "GER"]
[EventRounds "9"]
[EventType "swiss"]
[EventDate "2019.06.08"]

1. e4 c5 2. Nf3 Nc6 3. Nc3 Nf6 4. d4 cxd4 5. Nxd4 d5 6. Nxc6 bxc6 7. exd5 Nxd5
8. Nxd5 Qxd5 9. Qxd5 cxd5 10. Bb5+ Bd7 11. Bxd7+ Kxd7 12. O-O g6 13. Rd1 e6 14.
c4 Kd6 15. Bf4+ Kd7 16. cxd5 Bg7 17. dxe6+ Kxe6 18. Re1+ Kf5 19. Bc1 Rab8 20.
Re7 Rhd8 21. g3 Rd1+ 22. Kg2 Rc8 23. Rxf7+ Bf6 24. Rxf6+ Kxf6 25. Bg5+ Kxg5 26.
Rxd1 Rc2 27. Rd7 Rxb2 28. Rxa7 h5 29. Ra5+ Kh6 30. a4 Ra2 31. Ra8 Ra1 32. a5
Kg5 33. a6 Kh6 34. a7 Kg5 35. h4+ Kg4 36. f3+ Kf5 37. Rf8+ Ke5 38. a8=Q Rxa8
39. Rxa8 Kf5 40. Ra5+ Kf6 41. g4 hxg4 42. fxg4 Kg7 43. h5 gxh5 44. gxh5 Kh6 45.
Kh3 Kh7 46. Ra6 Kh8 47. h6 Kg8 48. h7+ Kh8 49. Kh4 Kg7 50. h8=Q+ Kxh8 51. Kh5
Kg7 52. Kg5 Kf7 53. Rg6 Ke7 54. Rf6 Ke8 55. Kf5 Ke7 56. Ke5 Kd7 57. Re6 Kc7 58.
Kd5 Kc8 59. Re7 Kb8 60. Kc6 Kc8 61. Re8# 1-0

[Event "ODJM C 2019"]
[Site "Willingen GER"]
[Date "2019.06.14"]
[Round "8"]
[White "Weidenhöfer, Ben"]
[Black "Pauser, Kilian"]
[Result "1-0"]
[Termination "normal"]
[Board "27"]
[WhiteElo "821"]
[BlackElo "995"]
[PlyCount "77"]
[WhiteFideId "16273702"]
[BlackFideId "16287584"]
[EventCountry "GER"]
[EventRounds "9"]
[EventType "swiss"]
[EventDate "2019.06.08"]

1. d4 d5 2. Nc3 e6 3. Nf3 c6 4. Bg5 f6 5. Bf4 f5 6. e3 Be7 7. Be5 Nd7 8. Bxg7
Bf6 9. Bxh8 Bxh8 10. Bd3 Bf6 11. O-O Ne7 12. Nd2 Qc7 13. Qh5+ Ng6 14. Qxh7 Ngf8
15. Qh5+ Ke7 16. Nf3 Nb6 17. Ng5 Bxg5 18. Qxg5+ Kd7 19. Qg7+ Kd8 20. Qxf8+ Kd7
21. Rad1 Qd6 22. Qf7+ Kd8 23. Be2 Bd7 24. Bh5 Kc7 25. f3 Rh8 26. g3 Nc4 27.
Rde1 Nxb2 28. e4 fxe4 29. fxe4 dxe4 30. Nxe4 Qxd4+ 31. Rf2 Nd1 32. Bxd1 Kb6 33.
c3 Qd5 34. Nf6 Qd6 35. Nxd7+ Kb5 36. Be2+ Ka4 37. Rf4+ Ka3 38. Rd1 Qc7 39. Bc4
1-0

[Event "ODJM C 2019"]
[Site "Willingen GER"]
[Date "2019.06.14"]
[Round "8"]
[White "Weiss, Adrian"]
[Black "Akcapinar, Timur"]
[Result "1-0"]
[Termination "normal"]
[Board "28"]
[WhiteElo "774"]
[BlackElo "852"]
[PlyCount "171"]
[WhiteFideId "16286022"]
[BlackFideId "16287509"]
[EventCountry "GER"]
[EventRounds "9"]
[EventType "swiss"]
[EventDate "2019.06.08"]

1. d4 d6 2. c3 Nf6 3. e3 g6 4. f4 Bg7 5. Bd3 O-O 6. Nd2 Nc6 7. Qc2 Be6 8. e4
Qd7 9. d5 Nxd5 10. exd5 Bxd5 11. Ngf3 Qg4 12. Rg1 Bxf3 13. Nxf3 Qe6+ 14. Qe2
Qg4 15. h3 Qg3+ 16. Qf2 Qxf2+ 17. Kxf2 d5 18. Ne5 Nxe5 19. fxe5 Bxe5 20. Re1
Bf6 21. Be3 Bh4+ 22. g3 Bf6 23. Bc5 Rae8 24. Bxa7 b6 25. Re2 Rd8 26. a4 d4 27.
a5 dxc3 28. axb6 cxb2 29. Rb1 Rxd3 30. bxc7 Ra3 31. Be3 Ra1 32. Ree1 Rxb1 33.
Rxb1 Ra8 34. Bc1 bxc1=Q 35. Rxc1 Bd4+ 36. Kf3 Ra3+ 37. Kf4 e5+ 38. Kg5 Rxg3+
39. Kh4 Bf2 40. c8=Q+ Kg7 41. Rc2 Rc3+ 42. Rxf2 Rxc8 43. Re2 Rc4+ 44. Kg3 f6
45. Rb2 e4 46. Rb7+ Kh6 47. Rb6 e3 48. Rb2 Rc3 49. Kg2 Rc4 50. Re2 Re4 51. Kf3
Rh4 52. Kg3 Kh5 53. Rxe3 f5 54. Re5 Re4 55. Rd5 Re3+ 56. Kh2 Kh4 57. Rd4+ Kh5
58. Rd7 Re2+ 59. Kg3 g5 60. Rxh7+ Kg6 61. Ra7 f4+ 62. Kg4 Rg2+ 63. Kf3 Rh2 64.
Ra6+ Kf7 65. Ra7+ Ke6 66. Ra6+ Kd7 67. Kg4 Rxh3 68. Kxh3 Kc7 69. Kg4 Kb7 70.
Rf6 Kc7 71. Kxg5 Kd7 72. Rxf4 Kd6 73. Re4 Kd5 74. Kf5 Kd6 75. Re5 Kc6 76. Ke6
Kc7 77. Rd5 Kc6 78. Ke5 Kc7 79. Rd6 Kc8 80. Kd5 Kc7 81. Rc6+ Kb8 82. Kc5 Kb7
83. Kb5 Ka7 84. Rc7+ Kb8 85. Kb6 Ka8 86. Rc8# 1-0